<?xml version="1.0" encoding="UTF-8"?>
<record
    xmlns:xsi="http://www.w3.org/2001/XMLSchema-instance"
    xsi:schemaLocation="http://www.loc.gov/MARC21/slim http://www.loc.gov/standards/marcxml/schema/MARC21slim.xsd"
    xmlns="http://www.loc.gov/MARC21/slim">

  <leader>00438nam a22001697a 4500</leader>
  <controlfield tag="005">20180606121511.0</controlfield>
  <controlfield tag="008">160611b        xxu||||| |||| 00| 0 eng d</controlfield>
  <datafield tag="020" ind1=" " ind2=" ">
    <subfield code="a">978-81-259-2844-6</subfield>
  </datafield>
  <datafield tag="041" ind1=" " ind2=" ">
    <subfield code="a">eng</subfield>
  </datafield>
  <datafield tag="082" ind1=" " ind2=" ">
    <subfield code="b">6824</subfield>
    <subfield code="a">650.01513</subfield>
  </datafield>
  <datafield tag="100" ind1=" " ind2=" ">
    <subfield code="a">Zameeruddin, Qazi &amp; Others</subfield>
    <subfield code="9">4332</subfield>
  </datafield>
  <datafield tag="245" ind1=" " ind2=" ">
    <subfield code="a">Business Mathematics</subfield>
  </datafield>
  <datafield tag="260" ind1=" " ind2=" ">
    <subfield code="a">New Delhi</subfield>
    <subfield code="b">Vikas Publishing House (P) Ltd. </subfield>
  </datafield>
  <datafield tag="300" ind1=" " ind2=" ">
    <subfield code="a">985</subfield>
  </datafield>
  <datafield tag="650" ind1=" " ind2=" ">
    <subfield code="a">Management</subfield>
    <subfield code="9">241</subfield>
  </datafield>
  <datafield tag="942" ind1=" " ind2=" ">
    <subfield code="c">BK</subfield>
  </datafield>
  <datafield tag="999" ind1=" " ind2=" ">
    <subfield code="c">2387</subfield>
    <subfield code="d">2386</subfield>
  </datafield>
  <datafield tag="952" ind1=" " ind2=" ">
    <subfield code="0">0</subfield>
    <subfield code="1">0</subfield>
    <subfield code="4">0</subfield>
    <subfield code="7">0</subfield>
    <subfield code="8">MANAGEMENT</subfield>
    <subfield code="a">JRU</subfield>
    <subfield code="b">JRU</subfield>
    <subfield code="c">SHELF-75-E</subfield>
    <subfield code="d">2016-06-11</subfield>
    <subfield code="g">365.00</subfield>
    <subfield code="l">0</subfield>
    <subfield code="o">650.01513</subfield>
    <subfield code="p">6824</subfield>
    <subfield code="r">2016-06-11 00:00:00</subfield>
    <subfield code="w">2016-06-11</subfield>
    <subfield code="y">BK</subfield>
  </datafield>
  <datafield tag="952" ind1=" " ind2=" ">
    <subfield code="0">0</subfield>
    <subfield code="1">0</subfield>
    <subfield code="4">0</subfield>
    <subfield code="7">0</subfield>
    <subfield code="8">MANAGEMENT</subfield>
    <subfield code="a">JRU</subfield>
    <subfield code="b">JRU</subfield>
    <subfield code="c">SHELF-75-E</subfield>
    <subfield code="d">2016-06-11</subfield>
    <subfield code="g">365.00</subfield>
    <subfield code="l">0</subfield>
    <subfield code="o">650.01513</subfield>
    <subfield code="p">6825</subfield>
    <subfield code="r">2016-06-11 00:00:00</subfield>
    <subfield code="w">2016-06-11</subfield>
    <subfield code="y">BK</subfield>
  </datafield>
  <datafield tag="952" ind1=" " ind2=" ">
    <subfield code="0">0</subfield>
    <subfield code="1">0</subfield>
    <subfield code="4">0</subfield>
    <subfield code="7">0</subfield>
    <subfield code="8">MANAGEMENT</subfield>
    <subfield code="a">JRU</subfield>
    <subfield code="b">JRU</subfield>
    <subfield code="c">SHELF-75-E</subfield>
    <subfield code="d">2016-06-11</subfield>
    <subfield code="g">365.00</subfield>
    <subfield code="l">0</subfield>
    <subfield code="o">650.01513</subfield>
    <subfield code="p">6826</subfield>
    <subfield code="r">2016-06-11 00:00:00</subfield>
    <subfield code="w">2016-06-11</subfield>
    <subfield code="y">BK</subfield>
  </datafield>
  <datafield tag="952" ind1=" " ind2=" ">
    <subfield code="0">0</subfield>
    <subfield code="1">0</subfield>
    <subfield code="4">0</subfield>
    <subfield code="7">0</subfield>
    <subfield code="8">REF</subfield>
    <subfield code="a">JRU</subfield>
    <subfield code="b">JRU</subfield>
    <subfield code="c">Shelf - 13- E</subfield>
    <subfield code="d">2016-06-11</subfield>
    <subfield code="g">365.00</subfield>
    <subfield code="l">1</subfield>
    <subfield code="o">650.01513</subfield>
    <subfield code="p">6827</subfield>
    <subfield code="r">2025-10-24 14:52:29</subfield>
    <subfield code="s">2025-08-11</subfield>
    <subfield code="w">2016-06-11</subfield>
    <subfield code="y">BK</subfield>
  </datafield>
  <datafield tag="952" ind1=" " ind2=" ">
    <subfield code="0">0</subfield>
    <subfield code="1">0</subfield>
    <subfield code="4">0</subfield>
    <subfield code="7">0</subfield>
    <subfield code="8">MANAGEMENT</subfield>
    <subfield code="a">JRU</subfield>
    <subfield code="b">JRU</subfield>
    <subfield code="c">SHELF-75-E</subfield>
    <subfield code="d">2016-06-11</subfield>
    <subfield code="g">365.00</subfield>
    <subfield code="l">0</subfield>
    <subfield code="o">650.01513</subfield>
    <subfield code="p">6828</subfield>
    <subfield code="r">2016-06-11 00:00:00</subfield>
    <subfield code="w">2016-06-11</subfield>
    <subfield code="y">BK</subfield>
  </datafield>
  <datafield tag="952" ind1=" " ind2=" ">
    <subfield code="0">0</subfield>
    <subfield code="1">0</subfield>
    <subfield code="4">0</subfield>
    <subfield code="7">0</subfield>
    <subfield code="8">MANAGEMENT</subfield>
    <subfield code="a">JRU</subfield>
    <subfield code="b">JRU</subfield>
    <subfield code="c">SHELF-75-E</subfield>
    <subfield code="d">2016-06-11</subfield>
    <subfield code="g">365.00</subfield>
    <subfield code="l">1</subfield>
    <subfield code="o">650.01513</subfield>
    <subfield code="p">6829</subfield>
    <subfield code="r">2018-12-13 00:00:00</subfield>
    <subfield code="s">2018-12-04</subfield>
    <subfield code="w">2016-06-11</subfield>
    <subfield code="y">BK</subfield>
  </datafield>
  <datafield tag="952" ind1=" " ind2=" ">
    <subfield code="0">0</subfield>
    <subfield code="1">0</subfield>
    <subfield code="4">0</subfield>
    <subfield code="7">0</subfield>
    <subfield code="8">MANAGEMENT</subfield>
    <subfield code="a">JRU</subfield>
    <subfield code="b">JRU</subfield>
    <subfield code="c">SHELF-75-E</subfield>
    <subfield code="d">2016-06-11</subfield>
    <subfield code="g">365.00</subfield>
    <subfield code="l">0</subfield>
    <subfield code="o">650.01513</subfield>
    <subfield code="p">6830</subfield>
    <subfield code="r">2016-06-11 00:00:00</subfield>
    <subfield code="w">2016-06-11</subfield>
    <subfield code="y">BK</subfield>
  </datafield>
  <datafield tag="952" ind1=" " ind2=" ">
    <subfield code="0">0</subfield>
    <subfield code="1">0</subfield>
    <subfield code="4">0</subfield>
    <subfield code="7">0</subfield>
    <subfield code="8">MANAGEMENT</subfield>
    <subfield code="a">JRU</subfield>
    <subfield code="b">JRU</subfield>
    <subfield code="c">SHELF-75-E</subfield>
    <subfield code="d">2016-06-11</subfield>
    <subfield code="g">365.00</subfield>
    <subfield code="l">0</subfield>
    <subfield code="o">650.01513</subfield>
    <subfield code="p">6831</subfield>
    <subfield code="r">2016-06-11 00:00:00</subfield>
    <subfield code="w">2016-06-11</subfield>
    <subfield code="y">BK</subfield>
  </datafield>
  <datafield tag="952" ind1=" " ind2=" ">
    <subfield code="0">0</subfield>
    <subfield code="1">0</subfield>
    <subfield code="4">0</subfield>
    <subfield code="7">0</subfield>
    <subfield code="8">MANAGEMENT</subfield>
    <subfield code="a">JRU</subfield>
    <subfield code="b">JRU</subfield>
    <subfield code="c">SHELF-75-E</subfield>
    <subfield code="d">2016-06-11</subfield>
    <subfield code="g">365.00</subfield>
    <subfield code="l">0</subfield>
    <subfield code="o">650.01513</subfield>
    <subfield code="p">6832</subfield>
    <subfield code="r">2016-06-11 00:00:00</subfield>
    <subfield code="w">2016-06-11</subfield>
    <subfield code="y">BK</subfield>
  </datafield>
</record>
